00526nam a2200193Ii 450000100060000000300090000600800410001502000150005604000330007104100080010408200150011210000240012724500390015126400490019030000120023933600260025133700280027733800270030519174CO-ViMGA241108s9999||||xx |||||||||||||| ||und|| a958816057X aCO-ViMGAbspaerdacCO-ViMGA0 aspa04a628.15 A481 aBenjamín Villegas10aEl agua en la historia de Bogotá 1aBogotá, Colombia : Villegas Editores, 2003 avolumen atextbtxt2rdacontent aunmediatedbn2rdamedia avolumebnc2rdacarrier